000 00222nam a22000857a 4500
008 161201b xxu||||| |||| 00| 0 eng d
100 _91631
_aNCERT
245 _aEnvironmental studies class - 5
260 _aNew delhi
_boxford
_c1898
999 _c4345
_d4345